Life of King Sindha (Chakhar Gyalpo) : (Record no. 1162)

MARC details
000 -LEADER
fixed length control field 00527nam a2200169 4500
001 - CONTROL NUMBER
control field 1559
005 - DATE AND TIME OF LATEST TRANSACTION
control field 20181127163517.0
020 00 - INTERNATIONAL STANDARD BOOK NUMBER
International Standard Book Number 9789993617105
090 00 - LOCALLY ASSIGNED LC-TYPE CALL NUMBER (OCLC); LOCAL CALL NUMBER (RLIN)
Classification number (OCLC) (R) ; Classification number, CALL (RLIN) (NR) 243.9 S6168L 2009
100 00 - MAIN ENTRY--PERSONAL NAME
Personal name Dargye, Yonten.
245 00 - TITLE STATEMENT
Title Life of King Sindha (Chakhar Gyalpo) :
Remainder of title The clear mirror of predictions /
Statement of responsibility, etc. Dargye Yonten.
Medium
260 00 - PUBLICATION, DISTRIBUTION, ETC.
Place of publication, distribution, etc. Thimphu :
Name of publisher, distributor, etc. National Library and Archives of Bhutan,
Date of publication, distribution, etc. 2009.
300 00 - PHYSICAL DESCRIPTION
Extent 193 p. : col. ill.
500 00 - GENERAL NOTE
General note In English.
650 00 - SUBJECT ADDED ENTRY--TOPICAL TERM
Topical term or geographic name entry element Buddhism
General subdivision Doctrines.
Topical term or geographic name entry element Buddhism --Bhutan --History.
General subdivision
Holdings
Withdrawn status Lost status Source of classification or shelving scheme Damaged status Not for loan Collection code Home library Current library Shelving location Serial Enumeration / chronology Inventory number Total Checkouts Full call number Barcode Date last seen Price effective from Koha item type
    Dewey Decimal Classification     Reference RTC Library RTC Library Reference 2551   954.98 DAR 30002463 27/11/2018 27/11/2018 Reference
Royal Thimphu College || All Right Reserved